1974 1554 1460 1618 1452 1585 1072 1024 1508 1430 1391 1092 1050 1023 1961 1054 1505 1105 1418 1580 1968 1255 1712 1695 1076 1091 1491 1760 1020 1481 1005 1915 1145 1476 1743 1434 1221 1750 1970 1152 1569 1513 1427 1601 1056 1429 1619 1572 1364 1328 1104 1817 1451 1258 1010 1467 1654 1639 1253 1529 1323 1371 1302 1707 1992 1775 1798 1421 1157 1670 1089 1748 1117 1823 1627 1680 1310 1893 1995 1280 1635 1081 1645 1682 1181 1972 1489 1012 1105 1977 1187 1684 1709 1110 1176 1689 1444 1244 1271 BCNSPRNW ULIB Ver.6.0+V

เปลี่ยนเป็นภาษาไทย

Change to English
 แสดงรายละเอียดบรรณานุกรม
  กลับหน้าหลัก

Brief Record : Get Marc (ISO 2709) : E-mail record : QR code < ปิดหน้าต่าง
LEADER : 00000nam 2200000uu 4500
001    13399111405
003     ULIB
008    110624s2550||||th 000 0 tha d
020    9749655966
060 04 WY106^bศ444ก 2550
100 0  ศิราณี อินทรหนองไผ่
245 10 กระบวนการพยาบาล :^bเครื่องมือนักจัดการสุขภาพองค์รวมเพื่อพัฒนาสุขภาพระดับปฐมภูมิ /^cศิราณี อินทรหนองไผ่
250    พิมพ์ครั้งที่ 2
260    มหาสารคาม :^bกลุ่มวิชาการพยาบาลชุมชนและสุขภาพจิตคณะพยาบาลศาสตร์ มหาวิทยาลัยมหาสารคาม,^c2550
300    [14], 363 หน้า ;^c26 ซม.
650  7 กระบวนการพยาบาล
650  7 การพยาบาล, การจัดการ
650  7 สุขภาพ
700 0  มหาวิทยาลัยมหาสารคาม. ^bคณะพยาบาลศาสตร์
945    ^p345^l0^i14847
945    ^p345^l0^i14848
995     เกษร
999    ^aใช้งานได้ทุกระบบ
รายการนี้ยังไม่มีแท็ก
คุณยังไม่ได้ล็อกอิน คุณสามารถมีกิจกรรมร่วมกับเว็บไซต์ได้ แต่ต้องล็อกอินก่อน ::
  ล็อกอิน

รายการสื่อสารสนเทศ

ลำดับที่ ประเภท เลขเรียก/บาร์โค้ด สถานที่ สถานะ
1. วิทยาศาสตร์การแพทย์ และสุขภาพ
หนังสือสำรอง
สถานะ=หนังสือสำรอง
WY106 ศ444ก 2550 ฉ.1 
  Barcode: 14847
ห้องสมุดวิทยาเขตสวรรค์ประชารักษ์
►ส่วนจัดเก็บหนังสือเก่า สปร
บนชั้น
  ขอยืม
2. วิทยาศาสตร์การแพทย์ และสุขภาพ
วิทยาศาสตร์การแพทย์ และสุขภาพ
WY106 ศ444ก 2550 ฉ.2 
  Barcode: 14848
ห้องสมุดวิทยาเขตสวรรค์ประชารักษ์
►ส่วนจัดเก็บหนังสือเก่า สปร
บนชั้น
  ขอยืม

รายการใกล้เคียง
    ผู้แต่ง [ศิราณี อินทรหนองไผ่]

    หัวเรื่อง [กระบวนการพยาบาล]
    หัวเรื่อง [การพยาบาล, การจัดการ]
    หัวเรื่อง [สุขภาพ]

BibComment


ยังไม่เคยถูกคอมเมนท์

คอมเมนท์ทรัพยากรรายการนี้
  คอมเมนท์: กระบวนการพยาบาล ..


 Copyright 2026. Bcnsprnw @Library